La ortografía i los kuatro senadores
Guardat en:
| Autor principal: | |
|---|---|
| Format: | Llibre |
| Idioma: | espanyol |
| Publicat: |
Quillota
Franzisco Enrríkez
1915
|
| Edició: | 2a. ed |
| Matèries: | |
| Etiquetes: |
Afegir etiqueta
Sense etiquetes, Sigues el primer a etiquetar aquest registre!
|
MARC
| LEADER | 00000nam a2200000 a 4500 | ||
|---|---|---|---|
| 001 | UCJ4078 | ||
| 003 | CL-VaPUC | ||
| 008 | 070124e19150000CL |||||||||||||||||spa|d | ||
| 082 | 0 | 4 | |a 090 |b ENR |2 21 |
| 100 | |a Enríques, Umberto |e author |9 506953 | ||
| 245 | 1 | 3 | |a La ortografía i los kuatro senadores |
| 250 | |a 2a. ed | ||
| 300 | |a 51 p | ||
| 942 | |c BK | ||
| 945 | |d 20070124 00:00:00 |a rinostro | ||
| 260 | |a Quillota |b Franzisco Enrríkez |c 1915 | ||
| 500 | |a La copia 1 está empastada junto con la copia 2 de La ortografía Rrazional, de Kárlos Kabezón. Incluye una relación de textos escritos de acuerdo a los dictados de los neógrafos. Libro raro por estar escrito de acuerdo con las normas ortográficas prescritas por los autodenominados Neógrafos quienes, a fines del siglo 19 y comienzos del 20, impulsaron el uso de la que llamaron Ortografía Racional. Sus ideas no prosperaron y ésta quedó sólo como una curiosidad ortográfica | ||
| 650 | 7 | |a ORTOGRAFIA RACIONAL |2 CL-VaPUC |9 342450 | |
| 650 | 7 | |a NEOGRAFOS |2 CL-VaPUC |9 342451 | |
| 650 | 7 | |a LIBRO RARO |2 CL-VaPUC |9 504169 | |
| 650 | 7 | |a BIBLIOGRAFIA |2 CL-VaPUC |9 256175 | |
| 583 | |a last modification |c 20070124 00:00:00 |k Rodrigo Vera | ||
| 999 | |c 320195 |d 320193 | ||
| 952 | |0 0 |1 0 |4 0 |6 090_000000000000000_ENR_1915 |7 0 |8 X |9 398671 |a FDOBUD |b FDOBUD |d 2019-11-22 |i 1013106 |o 090 ENR 1915 |p 1013106 |r 2019-11-22 |w 2019-11-22 |y BK_X |k BUD | ||
| 952 | |0 0 |1 0 |4 0 |6 090_000000000000000_ENR_1915 |7 0 |8 X |9 398672 |a FDOBUD |b FDOBUD |d 2019-11-22 |i 1014048 |o 090 ENR 1915 |p 1014048 |r 2019-11-22 |w 2019-11-22 |y BK_X |k BUD | ||